The Ronettes Discography - Statistics

General Stats
  • This quiz has been taken 3 times
  • The average score is 2 of 14
Answer Stats
Type Year Album % Correct
Compilation 2010 Be My Baby: The Very Best of the Ronettes
67%
Compilation 1965 The Ronettes Featuring Veronica
67%
Holiday Compilation 1963 A Christmas Gift for You from Phil Spector
33%
Album 1964 Presenting the Fabulous Ronettes Featuring Veronica
33%
Compilation 1992 The Best of the Ronettes
33%
Collaborative Compilation 1976 Phil Spector's Wall of Sound: Rare Masters Vol. 1
0%
Collaborative Compilation 1976 Phil Spector's Wall of Sound: Rare Masters Vol. 2
0%
Compilation 2005 Silhouettes
0%
Compilation 1975 The Ronettes Sing Their Greatest Hits
0%
Compilation 1981 The Ronettes Sing Their Greatest Hits Vol. 2
0%
Compilation 1985 The Ronettes: The Colpix Years 1961-1962
0%
Compilation 1990 The Ronettes: The Early Years
0%
Compilation 1997 The Ronettes: The Ultimate Collection
0%
Compilation 1963 Today's Hits
0%
No matching quizzes found
Score Distribution
Percent of People with Each Score
Percentile by Number Answered
Your Score History
You have not taken this quiz